Регионална библиотека "Любен Каравелов" - Русе

Каю. Сбогом на пелените 2+ (Запис номер 346430)

MARC детайли
000 -Лидер
Контролно поле с фиксирана дължина 01152nam a2200337 c 4500
003 - Код на организацията, давaща контролен номер
Контролно поле BLK
005 - Дата и час на последна редакция
Контролно поле 20250726101158.0
008 - Елементи от данни с фиксирана дължина
fixed length control field 180408b bul|||||r ||||||| ||bul||
010 ## - Наследен системен номер
LC control number KNG00071479000
020 ## - Международен стандартен номер на книга ISBN
Международен стандартен номер на книга ISBN 9789544748180
040 ## - Източник на каталожния запис
Идентификатор на билиотеката - собственик на записа BLK
041 ## - Код за език
Код за езика на текст/звукозапис или на отделно заглавие Български
Код за езика КДБФ Български
080 ## - УДК
Текстов определител УДК Издания за деца и юноши. Книжки-картинки. Читанки. Вж и 372.4
УДК код - определител по УДК 087.5
УДК - код + определител 087.5
100 ## - Редна дума - Автор
Автор Льорю, Кристин
Авторска отговорност първи автор
R(LIN) 1299
139 ## - Редно поле
Редна дума Льорю, Кристин
Авторски знак Лъч - Л 94
245 10 - Сведения за заглавието
Заглавие Каю. Сбогом на пелените 2+
Редно поле (дума) Кристин Льорю; консултант Франсин Надо, прев. Ирина Манушева
257 ## - Страна на издаване
Страна на създаване/издаване Канада
260 ## - Област на издателските данни
Име на издателя, разпространителя и проч. Кибеа
Година на издаване 2018
9 (RLIN) 209528
Място на издаване, разпространение и проч. София
300 ## - Физическа характеристика
Страници 24 с.
Илюстрации и др. с цв. ил.
Размери/Мащаб 19Х19 см
380 ## - Жанр
Жанр Детска отраслова лит.
500 ## - Общи забележки
Забележка Ориг. загл. Cailou tries New Foods
852 ## - Местоположение
Форматна сигнатура Цб 297202
Фондова буква Хранилище
856 4# - Електронен адрес и достъп
Електронен формат pdf - файл
856 4# - Електронен адрес и достъп
Електронен формат pdf - файл
942 ## - АРТИКУЛИ
Вид на библиотечния материал Книги
Скрит в OPAC Не
Периодичен библиозапис Да
Koha issues (borrowed), all copies 53
944 ## - СЪЗДАВАНЕ И РЕДАКЦИЯ на ЗАПИСА
Служител, извършил регистрацията/редакцията 30552
Статус, дата на статуса Виолета Тройчева
999 ## - СИСТЕМНИ КОНТРОЛНИ НОМЕРА
Koha biblionumber 346430
Koha biblioitemnumber 346430
999 ## - СИСТЕМНИ КОНТРОЛНИ НОМЕРА
Koha biblioitemnumber 346430
999 ## - СИСТЕМНИ КОНТРОЛНИ НОМЕРА
Koha biblioitemnumber 346430
999 ## - СИСТЕМНИ КОНТРОЛНИ НОМЕРА
Koha biblioitemnumber 346430
999 ## - СИСТЕМНИ КОНТРОЛНИ НОМЕРА
Koha biblioitemnumber 346429
Наличности
Код за отписване Код за изгубен артикул Източник на класификационната схема Код за повреда Коз за рестрикции Код за отдаване Артикулен № Име на библиотеката - собственик Име на библиотеката, в която се намира в момента Статус (Текущо местоположение) Дата на вписване в системата Местоположение - отдел Цена в лева Систематично азбучна сигнатура Баркод Цена в евро Служебен тип на артикула Инвентарен номер
  Не е изгубен Universal Decimal Classification Не е повреден само за читалня ползва се в читалня 749196 Регионална библиотека "Любен Каравелов" Русе Регионална библиотека "Любен Каравелов" Русе Хранилище 2019-11-14 Хранилище 7.00 Цб 297202 120000837488 3.58 Книги  
  Не е изгубен Universal Decimal Classification Не е повреден   заемане за дома 933638 Регионална библиотека "Любен Каравелов" Русе Регионална библиотека "Любен Каравелов" Русе Детски отдел 2023-09-15 Детски отдел 12.00 087.5/Л 94 К 120000892751 6.14 Книги 120000892751
  Не е изгубен Universal Decimal Classification Не е повреден   заемане за дома 933639 Регионална библиотека "Любен Каравелов" Русе Регионална библиотека "Любен Каравелов" Русе Детски отдел 2023-09-15 Детски отдел 12.00 087.5/Л 94 К 120000892750 6.14 Книги 120000892750
  Не е изгубен Universal Decimal Classification Не е повреден   заемане за дома 933640 Регионална библиотека "Любен Каравелов" Русе Регионална библиотека "Любен Каравелов" Русе Детски отдел 2023-09-15 Детски отдел 12.00 087.5/Л 94 К 120000892749 6.14 Книги 120000892749
  Не е изгубен Universal Decimal Classification Не е повреден   заемане за дома 933641 Регионална библиотека "Любен Каравелов" Русе Регионална библиотека "Любен Каравелов" Русе Детски отдел 2023-09-15 Детски отдел 12.00 087.5/Л 94 К 120000892752 6.14 Книги 120000892752
  Не е изгубен Universal Decimal Classification Не е повреден   заемане за дома 975439 Регионална библиотека "Любен Каравелов" Русе Регионална библиотека "Любен Каравелов" Русе Детски отдел 2025-06-10 Детски отдел 15.00 ДН 087.5/Л 94 К 120000920416 7.67 Книги 120000920416
Vip Innovations Ltd, Rousse, Bulgaria 2025